Astronmical Origin of the Hindu Trinity (Record no. 1358433)

MARC details
000 -LEADER
fixed length control field 00762nam a2200289Ia 4500
008 - FIXED-LENGTH DATA ELEMENTS--GENERAL INFORMATION
fixed length control field 160321s9999||||xx |||||||||||||| ||und||
040 ## - CATALOGING SOURCE
Transcribing agency English
082 ## - DEWEY DECIMAL CLASSIFICATION NUMBER
Classification number VIII.A/Kulkarni
082 ## - DEWEY DECIMAL CLASSIFICATION NUMBER
Item number BORI-18215
100 ## - MAIN ENTRY--PERSONAL NAME
Personal name B. R. Kulkarni
245 ## - TITLE STATEMENT
Title Astronmical Origin of the Hindu Trinity
260 ## - PUBLICATION, DISTRIBUTION, ETC. (IMPRINT)
Place of publication, distribution, etc Nanded
260 ## - PUBLICATION, DISTRIBUTION, ETC. (IMPRINT)
Name of publisher, distributor, etc Godateer Itihas Sanshodhan Mandal
260 ## - PUBLICATION, DISTRIBUTION, ETC. (IMPRINT)
Date of publication, distribution, etc 1962
300 ## - PHYSICAL DESCRIPTION
Extent 100
300 ## - PHYSICAL DESCRIPTION
Dimensions A
300 ## - PHYSICAL DESCRIPTION
Accompanying material Paperback
530 ## - ADDITIONAL PHYSICAL FORM AVAILABLE NOTE
Uniform Resource Identifier <a href="00010144.pdf">00010144.pdf</a>
563 ## - BINDING INFORMATION
Binding note Study
600 ## - SUBJECT ADDED ENTRY--PERSONAL NAME
Personal name B. R. Kulkarni
630 ## - SUBJECT ADDED ENTRY--UNIFORM TITLE
Uniform title Astronmical Origin of the Hindu Trinity
650 ## - SUBJECT ADDED ENTRY--TOPICAL TERM
Topical term or geographic name as entry element Astronomy/Astrology/maths
650 ## - SUBJECT ADDED ENTRY--TOPICAL TERM
Topical term or geographic name as entry element Technical Science
700 ## - ADDED ENTRY--PERSONAL NAME
Personal name B. R. Kulkarni
730 ## - ADDED ENTRY--UNIFORM TITLE
Uniform title Astronmical Origin of the Hindu Trinity
942 ## - ADDED ENTRY ELEMENTS (KOHA)
Koha item type Book

No items available.